000 00353nam a2200133Ia 4500
008 220216s9999 xx 000 0 und d
100 _aNunman Thanaporn
245 0 _aOperations against low rubber prices in Thailand
260 _bRubber International Magazine
_c2001
300 _a31-34
650 _aRubber price
650 _aThailand
942 _cJS
999 _c64397
_d64397